| 000 | 01157nam a22003377a 4500 | ||
|---|---|---|---|
| 003 | CHAP | ||
| 005 | 20220329134341.0 | ||
| 008 | 971013s1975 r 00010 d | ||
| 010 | _a19151 | ||
| 011 | _a20123 | ||
| 035 | _a24211 | ||
| 040 | _cCHAP | ||
| 082 |
_a633.18 _bC45 |
||
| 110 |
_aCentro Internacional de Agricultura Tropical _921185 |
||
| 245 |
_aHorizontal resistence to the blast disease of rice _b: proceedings of the seminar... |
||
| 260 |
_aCali : _b(El Centro), _c1975 |
||
| 300 |
_a245 p. _b: ilus. |
||
| 490 |
_aCIAT. Serie Ce _v; 9 |
||
| 590 |
_aBATCH-UPD _b10 _c20130109 _lUCH01 _h2359 |
||
| 590 |
_aBATCH-UPD _b10 _c20130110 _lUCH01 _h0920 |
||
| 590 |
_aBATCH-UPD _b10 _c20130409 _lUCH01 _h1933 |
||
| 590 |
_aCONVERSION _b10 _c20130109 _lUCH01 _h1312 |
||
| 650 | 1 | 4 |
_aAnublo del arroz. _96196 |
| 650 | 1 | 4 |
_aArroz _xEnfermedades. _97600 |
| 830 | 0 |
_aCIAT. Serie Ce _v; 9 _923017 |
|
| 901 | _aBK | ||
| 942 | _cLIBRO | ||
| 949 |
_a633.18 C45 _bBC _cLIBRO _d-55900 _eLIBRO _h37847 _i24211 _si |
||
| 949 |
_a633.18 C45 _bBC _cLIBRO _d33724000209383 _eLIBRO _fc.2 _h42442 _i24211 _si |
||
| 949 |
_a633.18 C45 _bBC _cLIBRO _d33724000209391 _eLIBRO _fc.3 _i24211 _si |
||
| 999 |
_c19151 _d19151 |
||